000 00224nam a2200097Ia 4500
008 170619s9999 xx 000 0 und d
100 _aKumar- M
245 0 _aInterview in Civil Engineering
260 _bKhanna Pub.
260 _c2012
546 _aENGLISH
999 _c21533
_d21533